000 00353nam a2200157Ia 4500
005 20241016032958.0
008 240331s9999 xx 000 0 und d
020 _a
082 _bAMI
_a821
100 _aAmirthanayagam, G
245 0 _aNew Verse
260 _aColombo
_b North End House
_c1990
300 _a247 p .,
650 _aPoems
942 _cL
999 _c3336
_d3336